000 00429nam a2200181Ia 4500
001 12913
005 20260306163015.0
008 260306t2007||||xx |||||||||||||| ||spa||
041 _aESP
082 _aRD 463
_bL26 2007
100 _aLarousse S. A.
_eAUT
245 0 _aEl pequeño Larousse ilustrado
260 _c2007
300 _a1824 páginas :
_c23 cm.
650 _aGEN
654 _aCHU
942 _cLIB
_dJUS
_fJUS
_2ddc
_n
999 _c12913
_d12913